000 00620nam a2200229Ia 4500
003 OSt
005 20220928122305.0
006 a|||||r|||| 00| 0
007 ta
008 220927b |||||||| |||| 00| 0 eng d
024 _a145529
037 _cTextual
040 _aSDCL
_cSDCL
_beng
041 _2eng
_aeng
082 _aY:675, L5
100 _aNagel Stuart S Ed.
_9457222
245 0 _aPolicy studies and the social sciences
260 _aNew Jersey
_bTransaction Books
_c1975
300 _axiv,315p
_ccm.
942 _hY:675, L5
_cTEXL
_2CC
999 _c770723
_d770723